Vybrúsený diamant kultúrnych slávností v Bregenzi

Bibliographic Details
Main Author: Petránsky, Ľudovít, 1943-2021 (Author)
Format: Article
Language:Slovak
PhysicalDescription:Fotogr., obr.
ISSN:1335-1230
Subjects:

MARC

LEADER 00000nab a2200000 a 4500
001 vtls008933087
003 SK-MaSNL
005 20260303070529.0
008 140328c2006 xo zr|p|||||||000 b|slo
015 |a SNBRB2007/01  |2 snkbucl 
038 |a SNKBUCL 
040 |a SNKBUCL  |b slo  |c SNKBUCL  |e AACR2 
041 0 |a slo 
044 |a xo  |c SK 
080 |a 725.81/.83  |x (436)  |2 2001 
100 1 |a Petránsky, Ľudovít,  |d 1943-2021  |4 aut  |9 92780 
245 1 0 |a Vybrúsený diamant kultúrnych slávností v Bregenzi  |c Ľudo Petránsky 
300 |b Fotogr., obr. 
500 |a Architekt: Helmut Dietrich, Much Untertrifaller 
610 2 7 |a Dom kultúrnych slávností (Bregenz, Rakúsko)  |x architektúra  |2 snkbucl  |9 1068082 
773 0 |t ASB  |g Roč. XIII, č. 12 (2006), s. 28-31  |x 1335-1230 
852 |a SNK  |b KIS3GCP 
958 |a AT 
999 |c 1755813  |d 1757743